| 000 | 00353nam a2200133Ia 4500 | ||
|---|---|---|---|
| 008 | 260604s9999 xx 000 0 und d | ||
| 020 | _a9781839102141 | ||
| 082 | _a158.1 RUN | ||
| 100 |
_aRUNCO [M.] _935443 |
||
| 245 | 0 | _aHANDBOOK OF CREATIVITY ASSESSMENT | |
| 260 | _bEDWARD ELGAR | ||
| 500 | _aPersonal Development, Creativity, Handbook | ||
| 942 | _cBK | ||
| 999 |
_c8262 _d8262 |
||